000 00653nam a2200229 i 4500
001 C2-0229502
003 PPAK
005 20180728160233.0
008 001003s1983 my a|||| ||||| | may d
040 _aPPAK
_beng
_cPPAK
_erda
082 0 4 _a759.9595
_223
090 0 0 _a759.9595
_bSEN
_dKSF
090 0 0 _a759.9595
_bSEN
_dKSI
245 0 0 _aSeni lukis Malaysia - 25 tahun
264 1 _aAlor Setar, Kedah :
_c1983
300 _a40 pages :
_billustrations ;
_c21 cm
336 _2rdacontent
_atext
337 _2rdamedia
_aunmediated
338 _2rdacarrier
_avolume
650 1 0 _aArt, Malaysia ; Art, Modern 20th century - Malaysia
942 _ddc
_cB
999 _c149110
_d149110